| 000 | 03161njm a22004934c 4500 | ||
|---|---|---|---|
| 001 | 197741 | ||
| 003 | ES-MaACL | ||
| 005 | 20250903063115.0 | ||
| 007 | sd*fsngnnmmned | ||
| 008 | 250509s2021 sp fmn d ast | ||
| 015 | _aSON21 | ||
| 017 |
_aAS 1906-2021 _bOficina Depósito Legal Asturias |
||
| 020 | _a9788418482281 | ||
| 024 | 3 | _a9788418482281 | |
| 035 | _a(SpMaBN)a7125020 | ||
| 040 |
_aSpMaBN _bspa _cSpMaBN _erda |
||
| 041 | 1 |
_dast _dspa _east _espa _gast _gspa |
|
| 245 | 1 | 0 |
_aDiálogos / _cJoaquín Pixán ; autoría musical, Joaquín P. Fuertes ; transcripción y autoría pianística, Manuel Pacheco. _b[Grabación sonora] |
| 250 | _aPrimera edición | ||
| 264 | 1 |
_a[Oviedo] : _bServicio de Publicaciones de la Universidad de Oviedo, _c[2021]. |
|
| 300 |
_a1 disco (CD Audio) + _e1 libro (52 páginas sin numerar) |
||
| 336 |
_aMúsica interpretada _2rdacontent |
||
| 337 |
_aaudio _2rdamedia |
||
| 338 |
_adisco sonoro _2rdacarrier |
||
| 344 |
_adigital _bóptico _gestéreo |
||
| 347 |
_aarchivo sonoro _bCD-Audio |
||
| 500 | _aLibro con fotografías de autores e intérpretes, introducciones y letra de los poemas en bable y español | ||
| 505 | 0 | _aParte I, nuevas canciones dialogadas: Alcuentru / texto, María Esther García López. Diálogo entre luz y sombra / texto, Xuan Bello. Nací donde los ríos / texto, Ángel Fierro. Xuego de manos ; L.luz de Peñes / texto, Aurelio González Ovies. Más claro el agua / texto, Javier Almuzara. Señardá / texto, María Esther García López. El cantar de la nublina / texto, Xuan Bello. Los glayos del espino ; No amar y noche es lo mismo / texto, Ángel Fierro. La cuestión palpitante / texto, Javier Almuzara -- Intermedio: Fantasía (Son D'Arriba) / música, J.P. Fuertes. Rosa nevada / texto, Antonio Gamoneda -- Parte II, viejas canciones dialogadas: Atapeciendo. Quítate de la esquina. Anque to padre nun quiera. ¿Ónde vas a dar agua?. Ayer vite na fonte. Vaqueiras de caréu | |
| 508 | _aProducción de Joaquín Pérez Fuertes para Andante Producciones Culturales, S.L. | ||
| 511 | 1 | _aJoaquín Pixán, David Menéndez, Dolores Granados, Judit Martínez, intérpretes vocales líricos ; Joaquín Pixán, Cristina Sánchez, José Tronco, Lorena Corripio, Luisa Martínez, María Luisa Álvarez, Mari Luz Cristóbal, Patricia Pariente, intérpretes de canto tradicional ; Manuel Pacheco, piano ; Martín Pérez, flauta ; Nel Pérez, clarineta | |
| 518 | _aGrabado en la Colegiata del Palacio de Revillagigedo (Gijón) en septiembre de 2019 | ||
| 651 | 0 |
_aAsturias (Comunidad Autónoma) _2embne _9241304 |
|
| 655 | 0 |
_aCanciones tradicionales _2tgfbne _9241305 |
|
| 655 | 0 |
_aCanciones _2tgfbne _9241306 |
|
| 655 | 0 |
_aAdaptaciones musicales _9241307 |
|
| 700 | 1 |
_aFuertes, Joaquín P _9241308 |
|
| 700 | 1 |
_aPixán, Joaquín _d1950- _9241309 |
|
| 700 | 1 |
_aPacheco, Manuel _988127 |
|
| 852 |
_aES-MaACL _cDEPOJ _jN-10606 _xEncuadernación cartoné _hDonación: Editorial _9206729 |
||
| 942 |
_cDVD _n0 |
||
| 999 |
_c197741 _d197741 |
||